[Event "2023 Standard Chess Dropout Tournament, Round 2"]
[Site "SchemingMind.com"]
[Date "2023.06.29"]
[Round "2"]
[White "Matthew Bailey"]
[Black "Megabulles"]
[Result "1/2-1/2"]
[WhiteCountry "ENG"]
[BlackCountry "GER"]
[WhiteElo "2565"]
[WhiteRD "73"]
[BlackElo "2335"]
[BlackRD "68"]
[GameID "735266"]

1. e4 g6 2. d4 Bg7 3. Nc3 d6 4. Be3 a6 5. f4 b5 6. Be2 Nd7 7. e5 Nh6 8. Bf3 Rb8 9. Nge2 O-O 10. a3 Bb7
11. Bxb7 Rxb7 12. h3 Qc8 13. g4 dxe5 14. dxe5 Rd8 15. Qc1 c5 16. O-O f5 17. g5 Nf7 18. e6 Nd6 19. exd7 Rbxd7 20. b3 a5
21. Bf2 b4 22. axb4 cxb4 23. Nd5 Bxa1 24. Nb6 Qa6 25. Qe3 Rc7 26. Rxa1 Ne4 27. Nc4 Rxc4 28. bxc4 Qxc4 29. Qb3 Qxb3 30. cxb3 Rd3
31. Bb6 Rxb3 32. Bxa5 h6 33. h4 hxg5 34. hxg5 e5 35. Rd1 exf4 36. Nxf4 Nxg5 37. Nxg6 Kh7 38. Ne5 Nf3+ 39. Nxf3 Rxf3 40. Bxb4 Kg6=
1/2-1/2

[Event "2023 Standard Chess Dropout Tournament, Round 2"]
[Site "SchemingMind.com"]
[Date "2023.06.29"]
[Round "2"]
[White "Megabulles"]
[Black "Carlos Vila Hernández"]
[Result "1/2-1/2"]
[WhiteCountry "GER"]
[BlackCountry "CUB"]
[WhiteElo "2358"]
[WhiteRD "69"]
[BlackElo "2556"]
[BlackRD "89"]
[GameID "735267"]

1. d4 Nf6 2. Nf3 e6 3. Bf4 c5 4. e3 d5 5. Nbd2 Nc6 6. c3 Bd6 7. Bg3 O-O 8. Bd3 b6 9. Qe2 Bb7 10. Rd1 Ne7
11. O-O Nf5 12. Bxd6 Nxd6 13. Ne5 a5 14. a4 Qe8 15. Ra1 Nfe4 16. Nxe4 dxe4 17. Bb5 Nxb5 18. Qxb5 Ba6 19. Qxe8 Rfxe8 20. Rfd1 Rac8
21. f3 f6 22. Nd7 Rc6 23. dxc5 bxc5 24. fxe4 e5 25. Rd5 Rec8 26. Rad1 Kf7 27. Rd6 Be2 28. R1d2 Rxd6 29. Rxd6 Ke7 30. Rd2 Ba6
31. Nb6 Rb8 32. Nd5+ Kf8 33. Kf2 Bc4 34. g4 Bb3 35. Kg3 Kf7 36. h4 Rb7 37. g5 Ke6 38. gxf6 gxf6 39. h5 h6 40. Kh4 Rd7
41. Rg2 Bxd5 42. exd5+ Kxd5 43. Rg6 Ke4 44. Rxh6 Kxe3 45. Rxf6 e4 46. h6 Kd3 47. Rf5 Re7 48. Rxc5 e3 49. Rg5 Kc2 50. b4 e2
51. Rg1 e1=Q+=
1/2-1/2

[Event "2023 Standard Chess Dropout Tournament, Round 2"]
[Site "SchemingMind.com"]
[Date "2023.07.01"]
[Round "2"]
[White "mochiron"]
[Black "James Reed"]
[Result "1-0"]
[WhiteCountry "JPN"]
[BlackCountry "ENG"]
[WhiteElo "1283"]
[WhiteRD "69"]
[BlackElo "1335"]
[BlackRD "91"]
[GameID "735268"]

1. f4 d5 2. Nf3 Nf6 3. e3 Bg4 4. Be2 Nc6 5. O-O e6 6. d4 Bd6 7. Nc3 a6 8. h3 Bh5 9. a3 h6 10. Bd2 O-O
11. Ne5 Bxe2 12. Nxe2 Ne4 13. Nc3 Nxd2 14. Qxd2 Nxe5 15. fxe5 Be7 16. e4 Bg5 17. Qe2 c6 18. exd5 cxd5 19. Qf3 Qd7 20. Ne2 Qb5
21. g3 Qd7 22. h4 Be7 23. Nf4 Qc7 24. Nh5 Qxc2 25. Nf6+ gxf6 26. exf6 Qxb2 27. Qg4+ Kh7 28. Qg7#
1-0

[Event "2023 Standard Chess Dropout Tournament, Round 2"]
[Site "SchemingMind.com"]
[Date "2023.06.29"]
[Round "2"]
[White "Ninaner2"]
[Black "trazadora"]
[Result "1/2-1/2"]
[WhiteCountry "NED"]
[BlackCountry "CUB"]
[WhiteElo "2341"]
[WhiteRD "98"]
[BlackElo "2528"]
[BlackRD "86"]
[GameID "735269"]

1. d4 d5 2. c4 e6 3. Nc3 Nf6 4. Nf3 a6 5. cxd5 exd5 6. Bg5 Be6 7. e3 Nbd7 8. Bd3 Bd6 9. O-O c6 10. Bf4 Qc7
11. Bxd6 Qxd6 12. Qc2 h6 13. Na4 O-O 14. Rfc1 Rfc8 15. h3 Qe7 16. a3 Ne8 17. Nc5 Nxc5 18. dxc5 Qf6 19. Nd4 g6 20. a4 Ng7
21. Qc3 Rc7 22. Nf3 Qxc3 23. bxc3 Nh5 24. Nd4 Re8 25. a5 Nf6 26. Rcb1 Kg7 27. Rb4 Ne4 28. Bxe4 dxe4 29. Kh2 h5 30. h4 Bc8
31. Nb3 Re5 32. Nd2 Bf5 33. Nc4 Rxc5 34. Nd6 Rd7 35. Rd1 Re7 36. Rxb7 Rxb7 37. Nxb7 Rxc3 38. Rb1 Bg4 39. Nd8 Be2 40. Rb7 Bc4
41. Ra7 Rc2=
1/2-1/2

[Event "2023 Standard Chess Dropout Tournament, Round 2"]
[Site "SchemingMind.com"]
[Date "2023.06.30"]
[Round "2"]
[White "NYNH"]
[Black "Abstract Actuary"]
[Result "1-0"]
[WhiteCountry "USA"]
[BlackCountry "USA"]
[WhiteElo "1893"]
[WhiteRD "106"]
[BlackElo "1862"]
[BlackRD "92"]
[GameID "735270"]

1. c4 Nf6 2. Nc3 e6 3. e4 Bb4 4. e5 Ng8 5. Qg4 Kf8 6. d4 c5 7. a3 cxd4 8. Qxd4 Nc6 9. Qe4 Ba5 10. Nf3 Nge7
11. Bg5 h6 12. Bh4 a6 13. Be2 Qc7 14. O-O Nf5 15. Bg3 Nxg3 16. hxg3 Bb6 17. b4 Ba7 18. Rfd1 Bb8 19. b5 Nxe5 20. Rac1 Ng6
21. bxa6 Rxa6 22. Nb5 Qc6 23. Qe3 h5 24. c5 Ra5 25. Nfd4 Qa6 26. Nd6 Qa8 27. Nxc8 Rxa3 28. Qg5 Ke8 29. Nxe6 fxe6 30. Qxg6+
1-0

[Event "2023 Standard Chess Dropout Tournament, Round 2"]
[Site "SchemingMind.com"]
[Date "2023.07.03"]
[Round "2"]
[White "Thomas Meehan"]
[Black "agoodhobby"]
[Result "1-0"]
[WhiteCountry "ENG"]
[BlackCountry "USA"]
[WhiteElo "1589"]
[WhiteRD "147"]
[BlackElo "1549"]
[BlackRD "71"]
[GameID "735271"]

1. c4 e5 2. Nc3 Nf6 3. g3 Bb4 4. Nf3 Nc6 5. Bg2 d6 6. O-O O-O 7. d3 h6 8. e4 Bg4 9. h3 Nd4 10. hxg4 Nxg4
11. Nxd4 exd4 12. Qxg4 Qf6 13. Nd5 Qg6 14. Ne7+
1-0

[Event "2023 Standard Chess Dropout Tournament, Round 2"]
[Site "SchemingMind.com"]
[Date "2023.06.29"]
[Round "2"]
[White "pawngrabber"]
[Black "peeuukoo"]
[Result "1-0"]
[WhiteCountry "ENG"]
[BlackCountry "FIN"]
[WhiteElo "1821"]
[WhiteRD "70"]
[BlackElo "1687"]
[BlackRD "94"]
[GameID "735273"]

1. d4 d5 2. c4 c6 3. cxd5 cxd5 4. Nc3 Nf6 5. Nf3 Nc6 6. g3 e6 7. Bg2 Bb4 8. Bd2 O-O 9. O-O Bxc3 10. Bxc3 Re8
11. Rc1 Ne4 12. Nd2 Nxc3 13. bxc3 Na5 14. c4 Nc6 15. e3 Ne7 16. c5 Bd7 17. Nf3 Nc6 18. Rb1 Na5 19. Ne5 f6 20. Nxd7 Qxd7
21. Qd3 f5 22. Rb5 Nc4 23. Rfb1 Rab8 24. Bf1 a6 25. R5b4 Qc7 26. Qc3 Na5 27. Bxa6 bxa6 28. Rxb8 Rxb8 29. Rxb8+ Qxb8 30. Qxa5 Qb1+
31. Kg2 Qe4+ 32. Kf1 Qd3+ 33. Ke1 Qb1+ 34. Ke2 Qc2+ 35. Qd2 Qc4+ 36. Ke1 Kf7 37. Qe2= Qb4+ 38. Kf1 Qb1+ 39. Kg2 a5 40. Qh5+ Kf6
41. Qh4+ Kf7 42. Qd8 Qe4+ 43. f3 Qxe3 44. c6 Qe2+ 45. Kh3 Qf1+ 46. Kh4 Qc1 47. Qd7+ Kf6 48. Qd8+ Kf7 49. Qd7+ Kf8 50. Qxe6 g6
51. f4 Qd1 52. Kg5
1-0

[Event "2023 Standard Chess Dropout Tournament, Round 2"]
[Site "SchemingMind.com"]
[Date "2023.06.30"]
[Round "2"]
[White "peeuukoo"]
[Black "Erik Johnson"]
[Result "1/2-1/2"]
[WhiteCountry "FIN"]
[BlackCountry "USA"]
[WhiteElo "1687"]
[WhiteRD "94"]
[BlackElo "1682"]
[BlackRD "81"]
[GameID "735274"]

1. d4 Nf6 2. c4 g6 3. Nc3 Bg7 4. Nf3 d6 5. e4 O-O 6. Be2 e5 7. d5 Ne8 8. O-O f5 9. Bg5 Bf6 10. Bh6 Bg7
11. Qd2 f4 12. Bxg7 Nxg7 13. Ne1 b6 14. f3 Nd7 15. Nd3 Bb7 16. Rac1 a6 17. b4 Nf6 18. Nf2 Ngh5 19. Ng4 Qe7 20. Nd1 g5
21. Nh6+ Kh8 22. Nf5 Qe8 23. Nf2 Bc8 24. g4 Ng7 25. Kg2 Nxf5 26. exf5 h5 27. h3 h4 28. Bd3 a5 29. b5 Nd7 30. Ne4 Qe7
31. Qe1 Qg7 32. Qf2 Nf6 33. Nc3 Bd7= 34. Na4 Rfb8 35. Rfe1 Be8 36. Nc3 Nd7 37. Ne4 Nc5 38. Nxc5 bxc5 39. a4 Bd7= 40. Bb1 Qf6
41. Be4 Rb6= 42. Rc2 Ra7 43. Rb1=
1/2-1/2

[Event "2023 Standard Chess Dropout Tournament, Round 2"]
[Site "SchemingMind.com"]
[Date "2023.06.30"]
[Round "2"]
[White "Dan Geana"]
[Black "Juan Jose Rivas Maceda"]
[Result "1/2-1/2"]
[WhiteCountry "ROU"]
[BlackCountry "PER"]
[WhiteElo "2555"]
[WhiteRD "121"]
[BlackElo "2520"]
[BlackRD "74"]
[GameID "735275"]

1. e4 e5 2. Nf3 Nc6 3. Bb5 a6 4. Ba4 Nf6 5. O-O Be7 6. Re1 b5 7. Bb3 O-O 8. a4 Bb7 9. d3 d6 10. Nbd2 Nd7
11. c3 Nc5 12. axb5 axb5 13. Rxa8 Qxa8 14. Bc2 b4 15. d4 Nd7 16. Nf1 bxc3 17. bxc3 Qa1 18. Ne3 Bf6 19. d5 Ncb8 20. Ng4 Na6
21. Ba4 Nac5 22. Bxd7 Nxd7 23. Nxf6+ Nxf6 24. Qc2 Ra8 25. Bg5 Qa4 26. Qb2 Bc8 27. Bxf6 gxf6 28. Nh4 Kg7 29. h3 h6 30. Qe2 c6
31. Qh5 cxd5 32. Re3 dxe4 33. Nf5+ Bxf5 34. Qxf5 Re8 35. Rxe4 Qd1+ 36. Kh2 Qd5 37. Rg4+ Kf8= 38. Qxf6 Qe6 39. Qg7+=
1/2-1/2

[Event "2023 Standard Chess Dropout Tournament, Round 2"]
[Site "SchemingMind.com"]
[Date "2023.07.01"]
[Round "2"]
[White "pjl1015"]
[Black "Giraldo Menendez Rodriguez"]
[Result "0-1"]
[WhiteCountry "USA"]
[BlackCountry "CUB"]
[WhiteElo "2358"]
[WhiteRD "100"]
[BlackElo "2574"]
[BlackRD "85"]
[GameID "735276"]

1. d4 Nf6 2. c4 e6 3. Nc3 Bb4 4. Bd2 O-O 5. e3 b6 6. Nf3 d5 7. cxd5 exd5 8. Bd3 Bd6 9. O-O Re8 10. Nb5 Be7
11. Rc1 Ba6 12. Qa4 c6 13. Rxc6 Nxc6 14. Qxa6 Qd7 15. a3 Nb8 16. Qa4 a6 17. Ne5 Qb7 18. Nc3 b5 19. Qb3 Nbd7 20. f4 Rab8
21. e4 Nb6 22. exd5 Nc4 23. Bc1 Qb6 24. Ne2 Na5 25. Qa2 Bd6 26. b4 Nc4 27. Nxc4 bxc4 28. Qxc4 a5 29. b5 h5 30. Kh1 h4
31. Qb3 Re7 32. Kg1 Rbe8 33. Qc4 Qb7 34. Qc6 Qb8 35. Qc4 Qa8 36. Qc6 Qd8 37. Qc4 Bc7 38. Rf3 Nxd5 39. h3 Bb6 40. Bd2 Ne3
41. Bxe3 Rxe3 42. Rxe3 Rxe3 43. Kf2 Re8 44. Qc3 Qe7 45. Bc4 g6 46. Qd3 Kg7 47. Bd5 Qd6 48. Be4 f5 49. Bc6 Re7 50. Bf3 a4
51. Qc3 Qe6 52. Qb4 Qe3+ 53. Kf1 Rd7 54. Qc3 Qxc3 55. Nxc3 Rxd4 56. Ke2 Ba5 57. Nd5 Rd2+ 58. Ke3 Ra2 59. Kd3 Rxa3+ 60. Kc2 Ra2+
61. Kb1 Rf2 62. b6 a3
0-1

[Event "2023 Standard Chess Dropout Tournament, Round 2"]
[Site "SchemingMind.com"]
[Date "2023.07.03"]
[Round "2"]
[White "pompey"]
[Black "pjl1015"]
[Result "1/2-1/2"]
[WhiteCountry "ENG"]
[BlackCountry "USA"]
[WhiteElo "2522"]
[WhiteRD "120"]
[BlackElo "2358"]
[BlackRD "100"]
[GameID "735279"]

1. e4 e6 2. d4 d5 3. Nd2 c5 4. Ngf3 Nf6 5. exd5 exd5 6. Bb5+ Bd7 7. Bxd7+ Nbxd7 8. O-O Be7 9. dxc5 Nxc5 10. Nd4 O-O
11. Nf5 Re8 12. Nb3 Bf8 13. Be3 Qc8 14. Nfd4 Ng4 15. Bf4 Na4 16. Rb1 Qd7 17. c3 Ne5 18. Bxe5 Rxe5 19. Nf3 Re4 20. Nbd2 Re6
21. Nd4 Ree8 22. Qc2 g6 23. N2f3 Bg7 24. h3 a6 25. Rfe1 Rac8 26. Rxe8+ Rxe8 27. g3 Nc5 28. Kg2 Qa4 29. Qxa4 Nxa4 30. h4 Kf8
31. Kf1 Ke7 32. h5 Bf6 33. Nc2 Kd6=
1/2-1/2

[Event "2023 Standard Chess Dropout Tournament, Round 2"]
[Site "SchemingMind.com"]
[Date "2023.07.03"]
[Round "2"]
[White "private napoleon"]
[Black "Michael Christensen"]
[Result "1-0"]
[WhiteCountry "ENG"]
[BlackCountry "GER"]
[WhiteElo "1705"]
[WhiteRD "91"]
[BlackElo "1709"]
[BlackRD "86"]
[GameID "735280"]

1. b4 e5 2. Bb2 d6 3. b5 Be6 4. e4 f5 5. exf5 Bxf5 6. c4 Nd7 7. Nc3 Ngf6 8. Nf3 Be7 9. Be2 O-O 10. O-O Qe8
11. d4 Qg6 12. Nh4 Qg5 13. Nxf5 Qxf5 14. dxe5 Nxe5 15. Nd5 Bd8 16. a4 Kh8 17. f4 Ned7 18. Bd3 Qe6 19. f5 Qf7 20. Qf3 Nxd5
21. cxd5 Bf6 22. Rab1 Ne5 23. Bxe5 Bxe5 24. g4 Qf6 25. Qg2 Bd4+ 26. Kh1 Qg5 27. Rbe1 Rae8 28. Re6 Be5 29. Re1 Qf4 30. a5 b6
31. a6 Qg5 32. Qe4 Qh4 33. Re2 Qh3 34. Rg2 Qh4 35. Qe2 Qg5 36. Qd2 Qxd2 37. Rxd2 h6 38. Rc2 Rc8 39. Re7 Bd4 40. Rcxc7 Rxc7
41. Rxc7 Re8 42. Rxa7 Re1+ 43. Kg2 Rg1+ 44. Kf3 Rh1 45. f6 gxf6 46. Rb7 Rxh2 47. a7 Ra2 48. Rb8+
1-0

[Event "2023 Standard Chess Dropout Tournament, Round 2"]
[Site "SchemingMind.com"]
[Date "2023.06.30"]
[Round "2"]
[White "Raymond de Kemp"]
[Black "Andoni Zabala"]
[Result "1-0"]
[WhiteCountry "NED"]
[BlackCountry "INT"]
[WhiteElo "1820"]
[WhiteRD "72"]
[BlackElo "1816"]
[BlackRD "92"]
[GameID "735281"]

1. d4 Nf6 2. Bf4 g6 3. Nf3 Bg7 4. e3 O-O 5. Nbd2 d6 6. h3 Nbd7 7. c3 Qe8 8. Bd3 e5 9. Nxe5 dxe5 10. dxe5 Nxe5
11. Bc2 Qb5 12. Nb3 Nh5 13. a4 Qb6 14. a5 Qb5 15. Bxe5 Bxe5 16. Bd3 Qc6 17. O-O Bxh3 18. gxh3 Qe6 19. Kg2 Rad8 20. Nd4 Bxd4
21. cxd4 Rd5 22. Qg4 Qe7 23. h4 Qb4 24. a6 bxa6 25. Rxa6 Ra5 26. Rc6 Qe7 27. Rfc1 Nf6 28. Qh3 Ne8 29. R6c5 Rxc5 30. Rxc5 Nd6
31. Re5 Qd8 32. h5 f5 33. Kf1 Qg5 34. hxg6 hxg6 35. f4 Qh5 36. Qxh5 gxh5 37. Ra5 Rf7 38. Rxa7 Rg7 39. Be2 h4 40. Bf3 h3
41. Ra1 Nc4 42. Bd5+ Kh7 43. Bxc4 c6 44. Kf2 Rg2+ 45. Kf3 Rxb2 46. Rh1 h2 47. Kg3 Kg6 48. Rxh2 Rb8 49. Ra2 Kf6 50. Ra6 Rc8
51. Rb6 Ke7 52. Rb7+ Kd6 53. Rf7 c5 54. Rxf5 cxd4 55. Rd5+
1-0

[Event "2023 Standard Chess Dropout Tournament, Round 2"]
[Site "SchemingMind.com"]
[Date "2023.07.03"]
[Round "2"]
[White "Reun29"]
[Black "Thomas Jacob Kelly"]
[Result "1-0"]
[WhiteCountry "SUI"]
[BlackCountry "USA"]
[WhiteElo "1976"]
[WhiteRD "111"]
[BlackElo "1872"]
[BlackRD "85"]
[GameID "735282"]

1. e4 e5 2. Bc4 b5 3. Bxb5 c6 4. Ba4 Bc5 5. Nf3 Ba6 6. d3 d6 7. Nc3 Ne7 8. O-O f6 9. Re1 Nd7 10. Bb3 Nf8
11. d4 Bb6 12. dxe5 dxe5 13. Be3 Qc7 14. Bxb6 axb6 15. Nh4 Bc8 16. h3 h5 17. Ne2 g5 18. Nf3 h4 19. Nc3 b5 20. a3 Neg6
21. Ne2 g4 22. hxg4 Bxg4 23. Qd3 h3 24. g3 h2+ 25. Kh1 Qa7 26. c4 b4 27. c5 Qxc5 28. axb4 Rxa1 29. Rxa1 Qxf2 30. Ra8+
1-0

[Event "2023 Standard Chess Dropout Tournament, Round 2"]
[Site "SchemingMind.com"]
[Date "2023.06.29"]
[Round "2"]
[White "Robert Hatfield"]
[Black "spoke"]
[Result "0-1"]
[WhiteCountry "USA"]
[BlackCountry "GER"]
[WhiteElo "1778"]
[WhiteRD "63"]
[BlackElo "1875"]
[BlackRD "64"]
[GameID "735283"]

1. e4 e5 2. Nf3 Nc6 3. Nc3 Nf6 4. Bb5 Bb4 5. O-O O-O 6. d3 d6 7. Bg5 Bxc3 8. bxc3 Bg4 9. h3 Bh5 10. g4 Bg6
11. Nh4 h6 12. Nxg6 fxg6 13. Be3 g5 14. Bc4+ Kh7 15. d4 d5 16. Bd3 dxe4 17. Bxe4+ Nxe4 18. Qd3 exd4 19. Qxe4+ Kh8 20. cxd4 Qd6
21. c3 Rae8 22. Qc2 Rf3 23. Rfe1 Ref8
0-1

[Event "2023 Standard Chess Dropout Tournament, Round 2"]
[Site "SchemingMind.com"]
[Date "2023.06.29"]
[Round "2"]
[White "Rommel85"]
[Black "The Chess Machine"]
[Result "1-0"]
[WhiteCountry "CUB"]
[BlackCountry "ENG"]
[WhiteElo "2561"]
[WhiteRD "82"]
[BlackElo "2469"]
[BlackRD "69"]
[GameID "735284"]

1. e4 c6 2. d4 d5 3. e5 c5 4. Nf3 cxd4 5. Qxd4 Nc6 6. Qf4 e6 7. Nc3 a6 8. Bd3 Nb4 9. Ne2 Nxd3+ 10. cxd3 h6
11. h4 Ne7 12. Bd2 Bd7 13. Ned4 h5 14. Ng5
1-0

[Event "2023 Standard Chess Dropout Tournament, Round 2"]
[Site "SchemingMind.com"]
[Date "2023.06.30"]
[Round "2"]
[White "roscoe"]
[Black "Thomas Meehan"]
[Result "0-1"]
[WhiteCountry "USA"]
[BlackCountry "ENG"]
[WhiteElo "1148"]
[WhiteRD "107"]
[BlackElo "1589"]
[BlackRD "147"]
[GameID "735285"]

1. d4 Nf6 2. Nf3 g6 3. Nc3 Bg7 4. g3 O-O 5. Bg2 d5 6. O-O Nc6 7. Bg5 b6 8. Ne5 Bb7 9. Re1 Nxe5 10. Bxf6 Bxf6
11. e4 Nc4 12. e5 Bg7 13. Rb1 e6 14. b3 Na5 15. Bf1 Qc8 16. b4 Nc6 17. Bb5 a6 18. Bxc6 Bxc6 19. a4 a5 20. b5 Bd7
21. Na2 c6 22. bxc6 Qxc6 23. Nc3 Qxc3 24. Rxb6 Bxa4 25. Re3 Qxc2 26. Qxc2 Bxc2 27. Rc6 Rfc8 28. Rb6 Be4
0-1

[Event "2023 Standard Chess Dropout Tournament, Round 2"]
[Site "SchemingMind.com"]
[Date "2023.07.01"]
[Round "2"]
[White "Ronald R. Nurmi"]
[Black "Brerrabbit"]
[Result "1-0"]
[WhiteCountry "USA"]
[BlackCountry "SCO"]
[WhiteElo "1761"]
[WhiteRD "96"]
[BlackElo "1197"]
[BlackRD "86"]
[GameID "735286"]

1. d4 Nf6 2. Bg5 Ne4 3. Bf4 c5 4. f3 Qa5+ 5. c3 c4 6. fxe4 d5 7. Nd2 e6 8. e3 Nc6 9. e5 Qb6 10. b3 f6
11. exf6 gxf6 12. Qh5+ Kd8 13. Qf7 Bd7 14. Qxf6+ Be7 15. Qxh8+ Be8 16. Ngf3 Rc8 17. Qxh7 Bf6 18. bxc4 e5 19. dxe5 Nxe5 20. Nxe5 Bxe5
21. Qh4+ Bf6 22. Qf2 Bh5 23. Be2 Bg6 24. O-O Qe6 25. Bc7+ Rxc7 26. Qxf6+ Qxf6 27. Rxf6
1-0

[Event "2023 Standard Chess Dropout Tournament, Round 2"]
[Site "SchemingMind.com"]
[Date "2023.06.30"]
[Round "2"]
[White "Schaakmaatje"]
[Black "heuschrecke"]
[Result "1/2-1/2"]
[WhiteCountry "NED"]
[BlackCountry "GER"]
[WhiteElo "2122"]
[WhiteRD "140"]
[BlackElo "2370"]
[BlackRD "86"]
[GameID "735287"]

1. e4 e5 2. Nf3 Nc6 3. d4 exd4 4. Nxd4 Bc5 5. Be3 Qf6 6. c3 Nge7 7. Bc4 Ne5 8. Be2 Qg6 9. O-O d6 10. f3 O-O
11. Nd2 f5 12. Qb3+ Kh8 13. exf5 Nxf5 14. Nxf5 Qxf5 15. Bxc5 dxc5 16. Rae1 b6 17. f4 Nd3 18. Bxd3 Qxd3 19. Nf3 Bb7 20. Qe6 Rxf4
21. Ne5= Rxf1+ 22. Rxf1 Qd5 23. Nf7+ Kg8 24. Nh6+ Kh8 25. Nf7+ Kg8 26. Nh6+ Kh8 27. Nf7+ Kg8
1/2-1/2

[Event "2023 Standard Chess Dropout Tournament, Round 2"]
[Site "SchemingMind.com"]
[Date "2023.06.29"]
[Round "2"]
[White "Stephen Dunning"]
[Black "TigerFeet"]
[Result "0-1"]
[WhiteCountry "WLS"]
[BlackCountry "ENG"]
[WhiteElo "1860"]
[WhiteRD "77"]
[BlackElo "2074"]
[BlackRD "76"]
[GameID "735288"]

1. d4 Nf6 2. c4 c5 3. d5 b5 4. Nf3 b4 5. Nbd2 g6 6. e4 d6 7. a3 Bg7 8. axb4 cxb4 9. Qa4+ Nfd7 10. Qxb4 a5
11. Qa4 O-O 12. Nb3 Nb6 13. Qa2 e6 14. Be3 exd5 15. exd5 Bg4 16. Nbd4 Bxf3 17. Nxf3 Na6 18. Be2 Nb4 19. Qb3 Nd7 20. O-O Re8
21. Rfe1 Qc7 22. Bd2 Nc5 23. Qd1 Bxb2 24. Rb1 Bf6 25. Bxb4 axb4 26. Nd4 Bxd4 27. Qxd4 b3 28. Bf3 Rxe1+ 29. Rxe1 Qa5 30. Rb1 Qa2
31. Qd1 b2 32. Qc2 Qxb1+
0-1

[Event "2023 Standard Chess Dropout Tournament, Round 2"]
[Site "SchemingMind.com"]
[Date "2023.07.01"]
[Round "2"]
[White "slotheman"]
[Black "Diadoco"]
[Result "0-1"]
[WhiteCountry "USA"]
[BlackCountry "MEX"]
[WhiteElo "1541"]
[WhiteRD "112"]
[BlackElo "1940"]
[BlackRD "104"]
[GameID "735289"]

1. Nf3 d5 2. g3 g6 3. Bg2 Bg7 4. d4 Nf6 5. c4 c6 6. cxd5 cxd5 7. Nc3 O-O 8. Ne5 Bf5 9. Qb3 Nc6 10. Nxc6 bxc6
11. O-O Qb6 12. Qxb6 axb6 13. b3 Ne4 14. e3 Nxc3 15. Re1 Ne4 16. Bf3 h5 17. a4 e5 18. Ba3 Rfc8 19. Bd6 exd4 20. Rad1 dxe3
21. Rxe3 Nxd6
0-1

[Event "2023 Standard Chess Dropout Tournament, Round 2"]
[Site "SchemingMind.com"]
[Date "2023.06.29"]
[Round "2"]
[White "splinter"]
[Black "Steven DuCharme"]
[Result "0-1"]
[WhiteCountry "CAN"]
[BlackCountry "USA"]
[WhiteElo "1867"]
[WhiteRD "92"]
[BlackElo "1554"]
[BlackRD "65"]
[GameID "735290"]

1. c4 c5 2. Nf3 Nc6 3. g3 g6 4. Bg2 Bg7 5. Nc3 Nf6 6. O-O O-O 7. a3 Re8 8. Ne1 e6 9. Nc2 d5 10. cxd5 exd5
11. Rb1 Be6 12. d4 cxd4 13. Nxd4 Nxd4 14. Qxd4 Ne4 15. Nxe4 Bxd4 16. Nd2 Bf5 17. Ra1 Rxe2 18. Ra2 Rc8 19. Nb3 Bb6 20. Bh6 Rcc2
0-1

[Event "2023 Standard Chess Dropout Tournament, Round 2"]
[Site "SchemingMind.com"]
[Date "2023.07.03"]
[Round "2"]
[White "spoke"]
[Black "Wojtek26"]
[Result "1/2-1/2"]
[WhiteCountry "GER"]
[BlackCountry "POL"]
[WhiteElo "1845"]
[WhiteRD "64"]
[BlackElo "1421"]
[BlackRD "73"]
[GameID "735291"]

1. e4 e5 2. Nf3 Nf6 3. Nc3 Nc6 4. Bb5 d6 5. d3 Be7 6. h3 O-O 7. O-O Bd7 8. Bg5 a6 9. Ba4 b5 10. Bb3 h6
11. Bxf6 Bxf6 12. Nd5 Rb8 13. c3 Na5 14. Bc2 c6 15. Nxf6+ Qxf6 16. b4 Nb7 17. a4 Ra8 18. a5 c5 19. d4 exd4 20. bxc5 dxc5
21. cxd4 cxd4 22. Qxd4 Qxd4 23. Nxd4 Rac8 24. Rac1 Nd6 25. Bd3 Rfe8 26. f3 f6 27. Nb3 Nb7 28. Rc2 Rxc2 29. Bxc2 Rc8 30. Rf2 Rc3
31. Rd2 Rc7 32. Kf2 Kf8 33. f4 Ke7 34. f5 Nd6 35. Bd3 Rc3 36. Nd4 Nc4 37. Bxc4 Rxc4 38. Ke3 Rc3+ 39. Rd3 Rxd3+ 40. Kxd3 Kd6
41. g3 Kc5 42. g4 Kd6 43. Ke3=
1/2-1/2

[Event "2023 Standard Chess Dropout Tournament, Round 2"]
[Site "SchemingMind.com"]
[Date "2023.07.01"]
[Round "2"]
[White "surfnsuds"]
[Black "Wojciech  Langer"]
[Result "0-1"]
[WhiteCountry "USA"]
[BlackCountry "INT"]
[WhiteElo "1257"]
[WhiteRD "88"]
[BlackElo "1601"]
[BlackRD "99"]
[GameID "735292"]

1. d4 d5 2. c4 dxc4 3. Nf3 c5 4. e3 cxd4 5. Nxd4 e5 6. Nf3 Qc7 7. Be2 Bd6 8. O-O Nc6 9. Nc3 h6 10. e4 Be6
11. Be3 Nf6 12. Nb5 Qd7 13. Nxd6+ Kf8 14. Nxc4 Qc7 15. Bc5+ Kg8 16. Bd6 Qc8 17. b3 Kh7 18. Nfxe5 Rd8 19. Nxc6 Qxc6 20. Bf3 Nxe4
21. Re1 f5 22. Qd4 Bxc4 23. Bxe4 fxe4 24. Qxe4+ Qxe4 25. Rxe4 Bd5 26. Rf4 Rxd6 27. Rf5 Rad8 28. Rd1 Bxb3
0-1

[Event "2023 Standard Chess Dropout Tournament, Round 2"]
[Site "SchemingMind.com"]
[Date "2023.06.29"]
[Round "2"]
[White "The Chess Machine"]
[Black "splinter"]
[Result "1-0"]
[WhiteCountry "ENG"]
[BlackCountry "CAN"]
[WhiteElo "2465"]
[WhiteRD "71"]
[BlackElo "1865"]
[BlackRD "97"]
[GameID "735293"]

1. e4 c5 2. Nf3 Nc6 3. Bb5 g6 4. Bxc6 bxc6 5. O-O d5 6. d3 Bg7 7. Re1 e6 8. e5 Ne7 9. Nc3 O-O 10. Na4 c4
11. b3 cxd3 12. cxd3 Qc7 13. d4 f6 14. exf6 Bxf6 15. Bh6 Re8 16. Qd2 Nf5 17. Bg5 Bg7 18. Bf4 Qe7 19. Rac1 Bd7 20. Ne5 Bxe5
21. Bxe5 Rf8 22. Nc5 Rf7 23. Rc2 Raf8 24. Rec1 Be8 25. Bf4 h5 26. Bg5 Qd6 27. h3 Ng7 28. Nd3 Bd7 29. Be3 Rc8 30. Ne5 Rf6
31. b4 Nf5 32. Bg5 Rff8 33. g4 hxg4 34. hxg4 Ng7 35. Kg2 a6 36. Rh1 Ne8 37. Qd3
1-0

[Event "2023 Standard Chess Dropout Tournament, Round 2"]
[Site "SchemingMind.com"]
[Date "2023.06.30"]
[Round "2"]
[White "TigerFeet"]
[Black "Robert Hatfield"]
[Result "1-0"]
[WhiteCountry "ENG"]
[BlackCountry "USA"]
[WhiteElo "2029"]
[WhiteRD "85"]
[BlackElo "1777"]
[BlackRD "67"]
[GameID "735294"]

1. e4 e6 2. b3 d5 3. Bb2 a6 4. exd5 exd5 5. Qe2+ Qe7 6. Qxe7+ Nxe7 7. Nc3 Be6 8. O-O-O Ng6 9. Nf3 Be7 10. g3 O-O
11. Bg2 c5 12. h4 h5 13. Rde1 Nc6 14. Ng5 Bxg5 15. hxg5 Rfe8 16. Nxd5 Rad8 17. Nc7 Re7 18. Nxe6 Rxe6 19. Rxe6 fxe6 20. Bxc6 bxc6
21. Rxh5
1-0